| Tag |
First Indicator |
Second Indicator |
Subfields |
| LEADER |
00000cam a22000001a 4500 |
| 001 |
in00003791521 |
| 005 |
20190408185248.0 |
| 006 |
m o d f |
| 007 |
cr bn mmmapmmp |
| 008 |
141211s1929 dcu o f000 0 eng d |
| 035 |
|
|
|a ebd1910516933
|
| 040 |
|
|
|a UMI
|c UMI
|d UtOrBLW
|
| 086 |
0 |
|
|a A 46.16:H 39
|
| 099 |
|
|
|a A46.16-1.1
|
| 110 |
1 |
|
|a United States.
|b Food and Drug Administration.
|0 http://id.loc.gov/authorities/names/n80126147
|
| 245 |
1 |
0 |
|a In U.S. Patent Office, before examiner of interferences :
|b Interference No. 58275; Arthur M. Henry volume Ernest M. Brogden and Miles L. Trowbridge, record for Arthur M. Henry.
|
| 264 |
|
1 |
|a [Washington] :
|b GPO,
|c 1929.
|
| 300 |
|
|
|a 1 online resource (i+165 pages)
|
| 336 |
|
|
|a text
|b txt
|2 rdacontent
|
| 337 |
|
|
|a computer
|b c
|2 rdamedia
|
| 338 |
|
|
|a online resource
|b cr
|2 rdacarrier
|
| 533 |
|
|
|a Electronic reproduction.
|b [Bethesda, Md.] :
|c ProQuest,
|d 2014.
|e digital, PDF file.
|n ProQuest U.S. Executive Branch Documents
|n Mode of access: World Wide Web via ProQuest website.
|
| 588 |
|
|
|a Record is based on online resource; title from PDF title page (ProQuest, last viewed Dec. 2014). Reuse except for individual research requires license from ProQuest, LLC.
|
| 500 |
|
|
|a Electronic resource.
|
| 610 |
1 |
0 |
|a United States.
|b Patent Office.
|0 http://id.loc.gov/authorities/names/n79076649
|
| 650 |
|
0 |
|a Chemicals.
|0 http://id.loc.gov/authorities/subjects/sh85022963
|
| 650 |
|
0 |
|a Fruit.
|0 http://id.loc.gov/authorities/subjects/sh85052105
|
| 650 |
|
0 |
|a Patents.
|0 http://id.loc.gov/authorities/subjects/sh85098655
|
| 655 |
|
7 |
|a Electronic books.
|2 local
|
| 856 |
4 |
0 |
|u http://proxy.library.tamu.edu/login?url=http://congressional.proquest.com/congressional/docview/t66.d71.a46.16-1.1
|z Connect to the full text of this electronic document
|t 0
|
| 999 |
f |
f |
|s 41ab7c91-40bc-3c80-b8f3-cf6b70eedddc
|i 1054f853-7088-385f-aff4-f873174a965c
|t 0
|
| 952 |
f |
f |
|a Texas A&M University
|b College Station
|c Electronic Resources
|d Available Online
|t 0
|h No information provided
|
| 998 |
f |
f |
|t 0
|l Available Online
|